000
00310nam a22001337a 4500
008
180809b xxu||||| |||| 00| 0 eng d
020
_a
0521560721
041
_a
eng
080
_a
616.053
100
_a
7
101
_a
KAR
245
_a
Development of cardiovascular system
_c
BURGGREN. W.W
942
_2
udc
_c
BK
999
_c
46962
_d
46962